| 000 | 00856cam a2200193 i 4500 | ||
|---|---|---|---|
| 005 | 20251228103118.0 | ||
| 008 | 250721s9999 UA gr 000 0 ara d | ||
| 082 | 1 | 4 |
_a218.61 _bر س ي |
| 100 | 1 |
_aالرسي، ماجد بن سليمان _eمؤلف. |
|
| 245 | 1 | 0 |
_aالنصر المؤزر للنبي الموقر وهو الدلائل الخمسون على عظم قدر النبي محمد صلى الله عليه وسلم / _cتاليف ماجد بن سليمان الرسي. |
| 264 | 3 | 1 |
_aالقاهرة : _bالدار الأثرية للنشر والتوزيع، |
| 300 | _a408 صفحه. | ||
| 490 | 0 |
_aالدين الصافي. _vالجزء الثاني. |
|
| 650 | 1 | 7 | _aالسيرة النبوية. |
| 650 | 1 | 7 | _aدفع المطاعن عن الإسلام. |
| 650 | 1 | 7 | _aالإسلام. |
| 942 |
_2ddc _cBK |
||
| 999 |
_c132290 _d132290 |
||